000 00408nam a2200145Ia 4500
008 180921t1959 xxu||||| ||||o00| 0 eng d
041 _aeng
245 _aCeylon Sessional Papers : Annual Report of Coconut Research Institute For 1958
260 _c1959
300 _ap.4-87, 28 cm
500 _avol.ii
_aSessional Paper xxi-1959
942 _cBK
999 _c45090
_d45090
003 LK-CoDNM
040 _aLK-CoDNM
_dLK-CoDNM
_eLK-CoDNM